Newsweek. (رقم التسجيلة. 114136)
[ عرض عادي ]
| 000 -LEADER | |
|---|---|
| fixed length control field | 01236cas a2200373 a 4500 |
| 008 - FIXED-LENGTH DATA ELEMENTS--GENERAL INFORMATION | |
| fixed length control field | 090727c19uu9999enkwr p 0 a0eng d |
| 010 ## - LIBRARY OF CONGRESS CONTROL NUMBER | |
| LC control number | 90640165 |
| Canceled/invalid LC control number | sn 78003816 |
| 022 0# - INTERNATIONAL STANDARD SERIAL NUMBER | |
| International Standard Serial Number | 0163-7053 |
| 040 ## - CATALOGING SOURCE | |
| Original cataloging agency | NSDP |
| Transcribing agency | NSDP |
| Modifying agency | DLC |
| -- | OCoLC |
| 042 ## - AUTHENTICATION CODE | |
| Authentication code | nsdp |
| -- | lc |
| 082 00 - DEWEY DECIMAL CLASSIFICATION NUMBER | |
| Classification number | 051.05 |
| Edition number | 20 |
| 092 #4 - LOCALLY ASSIGNED DEWEY CALL NUMBER (OCLC) | |
| Classification number | 051.05 |
| Item number | N5589 |
| -- | 122. |
| 099 ## - LOCAL FREE-TEXT CALL NUMBER (OCLC) | |
| Classification number | \4 |
| -- | 051.05 N5589 122. |
| 130 0# - MAIN ENTRY--UNIFORM TITLE | |
| Uniform title | Newsweek (International, Atlantic ed.) |
| 210 0# - ABBREVIATED TITLE | |
| Abbreviated title | Newsweek |
| Qualifying information | (Int., Atl. ed.) |
| 222 #0 - KEY TITLE | |
| Key title | Newsweek |
| Qualifying information | (International, Atlantic edition) |
| 245 00 - TITLE STATEMENT | |
| Title | Newsweek. |
| 246 13 - VARYING FORM OF TITLE | |
| Title proper/short title | Newsweek international |
| 250 ## - EDITION STATEMENT | |
| Edition statement | International, Atlantic ed. |
| 260 ## - PUBLICATION, DISTRIBUTION, ETC. | |
| Place of publication, distribution, etc. | [Slough, England : |
| Name of publisher, distributor, etc. | Newsweek Int., |
| 265 ## - SOURCE FOR ACQUISITION/SUBSCRIPTION ADDRESS [OBSOLETE] | |
| Source for acquisition/subscription address [OBSOLETE] | Subscription Dept., Newsweek Int., Wellington St. Slough SL 1 1UG, England |
| 300 ## - PHYSICAL DESCRIPTION | |
| Extent | v. : |
| Other physical details | ill. ; |
| Dimensions | 27 cm. |
| 310 ## - CURRENT PUBLICATION FREQUENCY | |
| Current publication frequency | Weekly |
| 336 ## - CONTENT TYPE | |
| Content type term | text |
| Source | rda content |
| 337 ## - MEDIA TYPE | |
| Media type term | Unmediated |
| Source | rdamedia |
| 338 ## - CARRIER TYPE | |
| Carrier type term | volume |
| Source | rdacarrier |
| 500 ## - GENERAL NOTE | |
| General note | "The international newsmagazine." |
| 500 ## - GENERAL NOTE | |
| General note | Description based on: Sept. 19, 1988; title from cover. |
| 590 ## - LOCAL NOTE (RLIN) | |
| Local note | library has only 365 |
| 775 0# - OTHER EDITION ENTRY | |
| Title | Newsweek |
| International Standard Serial Number | 0028-9604 |
| Record control number | (DLC) 35009615 |
| -- | (OCoLC)1760328 |
| 905 ## - LOCAL DATA ELEMENT E, LDE (RLIN) | |
| Cataloger | amro |
| Reviser | Rev. |
| 905 ## - LOCAL DATA ELEMENT E, LDE (RLIN) | |
| Cataloger | Hala |
| Reviser | Cat. |
| 942 ## - ADDED ENTRY ELEMENTS (KOHA) | |
| Source of classification or shelving scheme | Dewey Decimal Classification |
| Koha item type | Continuing Resources |
| Suppress in OPAC | No |
| Source of classification or shelving scheme | Not for loan | Home library | Current library | Date acquired | Full call number | Date last seen | Koha item type |
|---|---|---|---|---|---|---|---|
| Dewey Decimal Classification | المكتبة المركزبة الجديدة - جامعة القاهرة | قاعة الصحف والدوريات - الدور الثالث | 11.02.2024 | 051.05 N5589 | 23.09.2023 | Continuing Resources |